Indian cultural unity a reappraisal / (Record no. 102447)

MARC details
000 -LEADER
fixed length control field 00558nam a22001817a 4500
005 - DATE AND TIME OF LATEST TRANSACTION
control field 20160826123022.0
010 ## - LCCN (DPL NO)
LC control number ENG-115880
020 ## - INTERNATIONAL STANDARD BOOK NUMBER
International Standard Book Number 9789381325551
Terms of availability 250.00
035 ## - SYSTEM CONTROL NUMBER
System control number EN-99312
037 ## - SOURCE OF ACQUISITION
Source of stock number/acquisition DBAD/PUB
082 ## - DEWEY DECIMAL CLASSIFICATION NUMBER
Classification number 954
245 ## - TITLE STATEMENT
Title Indian cultural unity a reappraisal /
Statement of responsibility, etc edited by Sabyasachi Bhattacharya
260 ## - PUBLICATION, DISTRIBUTION, ETC. (IMPRINT)
Place of publication, distribution, etc Kolkata
Name of publisher, distributor, etc Ramakrishna Mission Institute of Culture
Date of publication, distribution, etc 2014
270 ## - ADDRESS
Address Gol Park
City Kolkata
Postal code 700029
300 ## - PHYSICAL DESCRIPTION
Extent ix,361p. :
Dimensions 21cm(Hb)
700 ## - ADDED ENTRY--PERSONAL NAME
Personal name Bhattacharya,Sabyasachi
942 ## - ADDED ENTRY ELEMENTS (KOHA)
Source of classification or shelving scheme Dewey Decimal Classification
Item type English Books
Classification part 954
Call number suffix IND
Holdings
Withdrawn status Lost status Not for loan Collection code Home library Current library Date acquired Source of acquisition Cost, normal purchase price Full call number Barcode Copy number Cost, replacement price Koha item type
    Not For Loan Non-fiction D.B.Act.Division Bawana 19/08/2016 DBAD/PUB 250.00 181.46 MUK EN-99312 1 250.00 English Books

© Delhi Public Library
Hit Counter
free hit counter